| 000 | 01174nam a2200373 a 4500 | ||
|---|---|---|---|
| 003 | AR-BaBNM | ||
| 005 | 20251128203411.0 | ||
| 008 | 082120s2002 ||||||||||||||000 | spa|| | ||
| 040 | _cAR-BaBNM | ||
| 100 | 1 | _aLevene, Ricardo | |
| 245 | 0 | 0 |
_aHistoria del derecho argentino _bdocumentos referentes al derecho argentino durante la dominación española _n3 |
| 260 |
_aBuenos Aires _bKraft _c1946 |
||
| 300 | _a492 p. | ||
| 500 | _aIndice alfabético de nombres de personas p. 471-479 | ||
| 500 | _aIndice general de nombres geográficos y etnográficos p. 481-483 | ||
| 500 | _aIndice de capítulos p. 485-492 | ||
| 600 | 1 | 4 | _aPrieto y Pulido, Facundo De |
| 600 | 1 | 4 | _aVertiz y Salcedo, Juan José |
| 650 | 4 | _aHISTORIA DEL DERECHO ARGENTINO | |
| 650 | 4 | _aPERIODO HISPANICO | |
| 650 | 4 | _aJURISPRUDENCIA | |
| 650 | 4 | _aTESTAMENTOS | |
| 650 | 4 | _aJURISDICCION | |
| 650 | 4 | _aFUNCIONARIOS PUBLICOS | |
| 650 | 4 | _aRECURSOS | |
| 650 | 4 | _aINSTITUCIONES HISPANOAMERICANAS | |
| 650 | 4 | _aAUDIENCIA DE BUENOS AIRES | |
| 650 | 4 | _aABOGADOS | |
| 650 | 4 | _aSIGLO DIECIOCHO | |
| 650 | 4 | _aSIGLO DIECINUEVE | |
| 650 | 4 | _aDOCUMENTOS | |
| 942 | _cBK | ||
| 998 | _cAndrea | ||
| 999 |
_c3213 _d3213 |
||